000 02283nam a2200325 a 4500
001 000000516
003 DO-SdBNP
005 20170925114851.0
007 000000516
008 081122s2007 dr 000 0 spa d
020 _a9789945861464
020 _a9945861468
040 _aBPMSU
_bspa
_cBPMSU
082 _a720.97293
_bG984s
092 _a
100 1 _aGutiérrez Escudero, Antonio
245 1 0 _aSanto Domingo colonial :
_bestudios históricos, siglos XVI al XVIII /
_cAntonio Gutiérrez Escudero.
260 _aSanto Domingo :
_bAcademia Dominicana de la Historia,
_c2007.
300 _axv., 351 p. :
_bil. ;
_c23 cm.
490 1 _aAcademia Dominicana de la História ;
_v82
500 _aIncluye datos biográficos del autoe en la solapa de la cubierta
505 2 _tPresentación /
_rGenaro Rodríguez Morel --
_tIntroducción -- T
_tTres fuentes españolas sobre Saint Domingue, 1699-1731 --
_tCuestión de límites en la isla Española, 1690-1777 --
_aUn canario en la Española. Vida, hechos y familia de Pedro Lousel Montero, 1724-1801 --
_tContrabando en el Caribe: comercio ilícito entre franceses y españoles en Santo Domingo --
_tUna guarnición de fronteras en América: ejército y milicias en Santo Domingo, 1700-1748 --
_tVicisitudes de una villa de canarios en la Española: San Carlos de Tenerife, 1684-1750 --
_tLas primeras obras públicas en el Nuevo Mundo y su financiación: Santo Domingo, 1494-1572 --
_tColonos, familias pobladoras y fundación de ciudades en la Española, 1684-1768 --
_tNuevas consideraciones sobre la inmigración canaria a Santo Domingo en el siglo XVIII --
_tAcerca del proyectismo y del reformismo borbónico en Santo Domingo --
_tProductos alimenticios en la dieta de los hispanodominicanos, siglo XVIII --
_tNuevas y viejas consideraciones acerca del tabaco dominicano y su producción.
650 4 _aARQUITECTURA COLONIAL
_zSANTO DOMINGO (REPÚBLICA DOMINICANA)
_xHISTORIA
_ySIGLO XVI-XVIII
650 4 _aSANTO DOMINGO (REPÚBLICA DOMINICANA)
_xHISTORIA
_ySIGLO XVI-XVIII
650 4 _aMONUMENTOS HISTÓRICOS
_zSANTO DOMINGO (REPÚBLICA DOMINICANA)
_ySIGLO XVI-XVIII
830 0 _aAcademia Dominicana de la Historia
_n82
942 _2ddc
_cBK
945 _aInventariado / 2017 VM
956 _aVMATEO
_b10
_c20150803
_lBPMSU
_h00151
999 _c8051
_d8051